000
nam a22 7a 4500
999
_c
35986
_d
35986
003
OSt
005
20170729150915.0
008
170729b xxu||||| |||| 00| 0 eng d
040
_c
SEROSOFT
100
_a
KITTLE
245
_a
INTRODUCTION TO SOLID STATE PHYSICS
260
_a
DELHI
_b
WILLY
_c
2008
300
_a
673
942
_2
ddc
_c
03